000 01561cab a2200229 4500
001 ABS48888
008 090401t1993 xxu||||| |||| 00| 0 eng d
035 _a(Sirsi) u69000
041 _aeng
245 _aR v Ministry of Agriculture, Fisheries and Food ex parte Cox
260 _c1993
350 _a0
490 _aEstates Gazette
_v1993 22 EG 111-116(6)
520 _aQBD 12 February 1993. Application for judicial review by dairy farmer C against M`s decision to revoke C`s registration of milk quota. Two key issues raised. Firstly was there an effective transfer of quota from Hamps Village Farm Ltd (H) in 1986 and secondly did M have the power to revoke registration? In 1986 H agreed to grant C a grazing licence in respect of 9.39 acres with transfer of milk quota of 65,000 ltrs. C did not exercise her grazing rights. MMB registered transfer of quota in C`s name. In 1988 H claimed entitlement to the milk quota and requested M to adjust the register. M declined to do so on 11 July 1988. Following an arbitrators award which found that occupation of land was necessary to acquire milk quota, M informed C that the registration would be revoked. Application allowed with declaration that M is not entitled to rescind the wholesale quota register entry. Held that although C did not fulfil Commission Regulation 1371/84 article 5(2) in that she was not oper
650 _aEC LAW
650 _aMILK QUOTAS
650 _aOCCUPATION OF LAND
650 _aTRANSFER
690 _aRURAL PRACTICE-CASE LAW
942 _n0
948 _c04/03/1997
999 _c43335
_d43335